| 000 | 00586nam a2200169 i 4500 | ||
|---|---|---|---|
| 001 | 129332 | ||
| 003 | ES-MaACL | ||
| 005 | 20230906193500.0 | ||
| 007 | t| | ||
| 008 | 070612s1944 sp ||||1| spa d | ||
| 100 | 1 |
_aTerrero, José. _9109785 |
|
| 245 | 1 | 0 |
_aArmas y objetos de bronce extraidos en los dragados del puerto de Huelva / _cJosé Terrero. |
| 260 |
_aMadrid : _b[Junta de Obras y Servicios del Puerto de Huelva], _c1944. |
||
| 300 |
_a21 p. : _bil. ; _c25 cm. |
||
| 710 | 2 |
_aJunta de Obras y Servicios del Puerto de Huelva. _95399 |
|
| 852 |
_aES-MaACL _j1603-F-23 _bR.21919 |
||
| 999 |
_c129332 _d129332 |
||